Guidance on glazing at height (Record no. 104993)

MARC details
000 -LEADER
fixed length control field 01624cam a2200265 4500
001 - CONTROL NUMBER
control field ##L132050
008 - FIXED-LENGTH DATA ELEMENTS--GENERAL INFORMATION
fixed length control field 051222n2005 000 0 eng u
020 ## - INTERNATIONAL STANDARD BOOK NUMBER
International Standard Book Number 0860176320
035 ## - SYSTEM CONTROL NUMBER
System control number (Sirsi) u132050
041 0# - LANGUAGE CODE
Language code of text/sound track or separate title eng
050 04 - LIBRARY OF CONGRESS CALL NUMBER
Classification number 698.5 $2 18
100 1# - MAIN ENTRY--PERSONAL NAME
Personal name Keiller, A.
245 00 - TITLE STATEMENT
Title Guidance on glazing at height
Medium multimedia
260 ## - PUBLICATION, DISTRIBUTION, ETC.
Place of publication, distribution, etc. London
Name of publisher, distributor, etc. CIRIA
Date of publication, distribution, etc. 2005
300 ## - PHYSICAL DESCRIPTION
Extent 206p.
Other physical details ill
Dimensions 30cm
Accompanying material + 1 CD-ROM
490 #0 - SERIES STATEMENT
Series statement CIRIA
Volume/sequential designation C632
520 ## - SUMMARY, ETC.
Summary, etc. Guide giving consistent information on glazing that is used on both new and existing buildings and which requires expert guidance if satisfactory long-term safety and performance is to be ensured. Emphasises glass facades, glass roofs/canopies and glass barriers that protect a drop. Intended for clients, architects, engineers, specifiers and contractors. Comprises -- manufacture and processing, glazing infill materials and systems -- the parties involved in the whole building lifecycle -- glazing performance and associated risks -- expert glazing advice in the UK -- strength and breakage behaviour of glazing infill materials -- risk asssessments in decision making -- worked examples of glazing risk assessments -- how glazing may affect building operation -- recommendations of good glazing practice
520 ## - SUMMARY, ETC.
Summary, etc. Includes a CD-ROM which is not available for loan (L133333).
690 ## - LOCAL SUBJECT ADDED ENTRY--TOPICAL TERM (OCLC, RLIN)
Topical term or geographic name as entry element BUILT ENVIRONMENT-BUILDING MATERIALS-NON CEMENTITIOUS MATERIALS-MINERAL BASED MATERIALS
700 1# - ADDED ENTRY--PERSONAL NAME
Personal name Walker, A.
700 1# - ADDED ENTRY--PERSONAL NAME
Personal name Ledbetter, S.
700 1# - ADDED ENTRY--PERSONAL NAME
Personal name Wolmuth, W.
710 2# - ADDED ENTRY--CORPORATE NAME
Corporate name or jurisdiction name as entry element Construction Industry Research and Information Association
9 (RLIN) 4810
942 ## - ADDED ENTRY ELEMENTS (KOHA)
Suppress in OPAC 0
Holdings
Withdrawn status Lost status Source of classification or shelving scheme Damaged status Not for loan Home library Current library Shelving location Date acquired Total Checkouts Full call number Barcode Date last seen Copy number Price effective from Koha item type
    Dewey Decimal Classification     London London Folio 22/12/2005   F698.5 KEI 30071762 06/08/2019 1 06/08/2019 Book